Linguistic reconstruction and Indo-European syntax : proceedings of the colloquium of the Indogermanische Gesellschaft, University of Pavia, 6-7 September 1979 /

Bibliographic Details
Corporate Author: Indogermanische Gesellschaft
Other Authors: Ramat, Paolo, Carruba, Onofrio, Giacalone Ramat, Anna, 1937-, Graffi, Giorgio
Format: Book
Language:English
German
French
Published: Amsterdam : Benjamins, 1980.
Series:Amsterdam studies in the theory and history of linguistic science. Current issues in linguistic theory ; v. 19.
Subjects:

MARC

Tag First Indicator Second Indicator Subfields
LEADER 00000cam a2200000 a 4500
001 in00000088508
005 20151008065109.0
008 820120s1980 ne b 10000 eng
010 |a  81117154  
015 |a Ne81-7 
020 |a 9027235120 :  |c fl 60.00 
035 |a (OCoLC)08169383 
035 |9 AAK5347AM 
039 0 |a 2  |b 3  |c 3  |d 3  |e 3 
040 |a DLC  |c DLC  |d TXA  |d UtOrBLW 
041 0 |a eng  |a ger  |a fre 
049 |a TXAM  |c [1196667] 
050 0 0 |a P671  |b .L5 
082 0 |a 415  |2 19 
245 0 0 |a Linguistic reconstruction and Indo-European syntax :  |b proceedings of the colloquium of the Indogermanische Gesellschaft, University of Pavia, 6-7 September 1979 /  |c edited by Paolo Ramat ; associate editors, Onofrio Carruba, Anna Giacalone Ramat, Giorgio Graffi. 
264 1 |a Amsterdam :  |b Benjamins,  |c 1980. 
300 |a 236 pages ;  |c 23 cm. 
336 |a text  |b txt  |2 rdacontent 
337 |a unmediated  |b n  |2 rdamedia 
338 |a volume  |b nc  |2 rdacarrier 
490 1 |a Amsterdam studies in the theory and history of linguistic science : series 4, Current issues in linguistic theory,  |x 0304-0763 ;  |v v. 19 
500 |a English, French, or German. 
504 |a Includes bibliographies. 
650 0 |a Indo-European languages  |x Syntax  |x Congresses. 
650 0 |a Reconstruction (Linguistics)  |x Congresses. 
650 0 |a Typology (Linguistics)  |v Congresses. 
700 1 |a Ramat, Paolo. 
700 1 |a Carruba, Onofrio. 
700 1 |a Giacalone Ramat, Anna,  |d 1937- 
700 1 |a Graffi, Giorgio. 
710 2 |a Indogermanische Gesellschaft. 
830 0 |a Amsterdam studies in the theory and history of linguistic science.  |n Series IV,  |p Current issues in linguistic theory ;  |v v. 19. 
999 |a MARS 
999 f f |s c6c0e884-b906-3ff2-bac8-d29a267e64cc  |i a406b77e-6bb7-3a6d-b461-58b05b9633ab  |t 0 
952 f f |p ric  |a Texas A&M University  |b Rellis Campus  |c Joint Library Facility  |s JLF  |d Remote Storage  |t 0  |e P671 .L5  |h Library of Congress classification  |i unmediated -- volume  |m A14806172551 
998 f f |a P671 .L5  |t 0  |l Remote Storage